|
|
|
|
| LEADER |
00000ny a22000003n 4500 |
| 005 |
2011051603483.0 |
| 008 |
091016c19uu9999xx r p s 0000a0scc d |
| 022 |
|
|
|a 1845-9757
|
| 022 |
|
|
|a 1846-887X
|
| 035 |
|
|
|a 5159
|
| 040 |
|
|
|a BUS
|d vLex
|
| 090 |
|
|
|c 1929
|d 1929
|
| 245 |
3 |
0 |
|a Financial Theory and Practice
|h [Recurso electrn̤ico]
|
| 256 |
|
|
|a Servicio en ln̕ea
|
| 260 |
|
|
|a [S.l.] :
|b Institute of public finance
|
| 506 |
1 |
|
|a Contenido solo disponible en los productos indicados
|d vLex Global
|d vLex Global (Academic Edition, excluding Law Schools)
|d vLex Global (U.S. Academic Edition, excluding Law Schools)
|
| 650 |
0 |
4 |
|a Desarrollo econm̤ico
|x Publicaciones perid̤icas
|
| 650 |
0 |
4 |
|a Economa̕
|x Publicaciones perid̤icas
|
| 740 |
|
|
|a vLex Revista (Servicios en ln̕ea)
|
| 843 |
|
|
|a Electrn̤ica. Abierta
|
| 853 |
|
|
|8 1
|i (year)
|j (month)
|k (day)
|
| 856 |
4 |
0 |
|z Acceso restringido
|u http://vlex.com/account/login_ip?fuente_id=5159
|
| 942 |
|
|
|c REV
|
| 999 |
|
9 |
|a economic growth and development
|
| 999 |
|
9 |
|a EU integration
|
| 999 |
|
9 |
|a public sector economics
|
| 999 |
|
9 |
|a transition to market economy
|